|
|
|
|
| LEADER |
00000naa a2200000uu 4500 |
| 001 |
vtls011081554 |
| 003 |
SK-MaSNL |
| 005 |
20260302112415.0 |
| 008 |
210905|1995 xo |||||||||||||||||slo| |
| 015 |
|
|
|a SNBRA
|
| 035 |
|
|
|a (urnnbn)urn:nbn:sk:snk:ar-a0cixe
|
| 035 |
|
|
|a (uuid)c8975a7d-707b-4407-bf37-cee72d9745c2
|
| 035 |
|
|
|a urn:nbn:sk:snk-aavowz
|
| 040 |
|
|
|a SNKBUCL
|b slo
|c SNKBUCL
|e AACR2
|
| 041 |
0 |
|
|a slo
|
| 044 |
|
|
|a xo
|c SK
|
| 100 |
1 |
|
|a Westfál, Radek
|4 aut
|9 791298
|
| 245 |
1 |
0 |
|a VLIV KONTAKTU KOLO - KOLEJNICE NA DYNAMIKU POHONU DVOJKOLÍ
|c Radek Westfál
|
| 246 |
3 |
|
|a DER EINFLUS DES KONTAKTES RAD - SCHIENE AUF DIE RADSATZANTRIEBSDYNAMIK
|
| 773 |
0 |
|
|t Súčasné problémy v koľajových vozidlách
|d Žilina : Vysoká škola dopravy a spojov, 1995
|g S. [307]-314
|z 8071002887
|
| 958 |
|
|
|a OND
|
| 958 |
|
|
|a article12
|
| 958 |
|
|
|a chapter
|
| 999 |
|
|
|c 1251663
|d 1253593
|